000 00606nam a22002057a 4500
003 BD-DhJNU
005 20250226101730.0
008 250226b |||||||| |||| 00| 0 eng d
020 _a0070215200
040 _aBD-DhJNU
_bENG
_cBD-DhJNU
_dBD-DhJNU
082 _223
_a150 PSY
100 _aForehand, Garlie A.
245 _aPsychology for living /
_cGarlie A. Forehand...[et al.].
250 _a4th ed.
260 _aNew York :
_bMcGraw-Hill,
_c1971.
300 _axiii, 434p. :
_bill. ;
_c25 cm.
504 _aIncludes bibliographical references and index
650 _aPsychology
942 _2ddc
_cBK
_n0
999 _c1397
_d1397